The CEO Compensation Controversy (Record no. 348096)

000 -LEADER
fixed length control field 00365 a2200145 4500
020 ## - INTERNATIONAL STANDARD BOOK NUMBER
International Standard Book Number 619661966196
082 ## - DEWEY DECIMAL CLASSIFICATION NUMBER
Classification number 111
090 ## - LOCALLY ASSIGNED LC-TYPE CALL NUMBER (OCLC); LOCAL CALL NUMBER (RLIN)
-- 5695
-- 5695
110 ## - MAIN ENTRY--CORPORATE NAME
Corporate name or jurisdiction name as entry element ICFAI
245 ## - TITLE STATEMENT
Title The CEO Compensation Controversy
Statement of responsibility, etc. ICMR Case Collection
250 ## - EDITION STATEMENT
Edition statement HROB 020
260 ## - PUBLICATION, DISTRIBUTION, ETC.
Place of publication, distribution, etc. India
Name of publisher, distributor, etc. ICFAI Center for Management Research
Date of publication, distribution, etc. 2003
300 ## - PHYSICAL DESCRIPTION
Extent 6p
942 ## - ADDED ENTRY ELEMENTS (KOHA)
Institution code [OBSOLETE] NBS
Koha item type Case Studies
Call number prefix 111
Holdings
Withdrawn status Lost status Source of classification or shelving scheme Damaged status Not for loan Permanent Location Current Location Date acquired Total Checkouts Full call number Barcode Date last seen Price effective from Koha item type
          Central Library (CL) Central Library (CL) 08/28/2013   658 NBS6196 08/28/2013 08/28/2013 Case Studies
© 2023 Central Library, National University of Sciences and Technology. All Rights Reserved.